[Event "Vaujany"]
[Site "?"]
[Date "2012.07.14"]
[Round "3.7"]
[White "Edouard, Romain"]
[Black "Van Foreest, Jorden"]
[Result "1-0"]
[WhiteElo "2646"]
[BlackElo "2209"]
[PlyCount "45"]
[SourceDate "2012.07.12"]

1. c4 c6 2. Nf3 Nf6 3. d4 d5 4. Nc3 dxc4 5. a4 e6 6. e4 Bb4 7. e5 $5 Nd5 8. Bd2
b5 9. axb5 Bxc3 10. bxc3 cxb5 11. Ng5 Nd7 12. Qh5 Qe7 13. h4 (13. Nxh7 $2 Kd8
$17) 13... Bb7 14. Rh3 b4 $2 (14... h6 $1 15. Ne4 Nf4 $1 $132) 15. Bxc4 bxc3
16. Bc1 $1 Nb4 17. Rxc3 g6 18. Qh6 Qf8 19. Qxf8+ Kxf8 20. Bb5 (20. Ba3 $5 a5
21. Bxe6 $1 fxe6 22. Bxb4+ axb4 23. Rxa8+ Bxa8 24. Rc8+ $18) 20... Nd5 (20...
Nb6 21. Rc7 $18) 21. Rf3 f6 22. Bxd7 Ke7 23. Ba4 (23. Ba4 fxg5 24. Bxg5+ $18)
1-0

[Event "Vaujany"]
[Site "?"]
[Date "2012.07.14"]
[Round "3.8"]
[White "Nguyen, Chi-Minh"]
[Black "Moal, Alain"]
[Result "1/2-1/2"]
[WhiteElo "2405"]
[BlackElo "2175"]
[PlyCount "50"]
[SourceDate "2012.07.12"]

1. d4 Nf6 2. c4 g6 3. Nc3 d5 4. cxd5 Nxd5 5. Bd2 Bg7 6. e4 Nb6 7. Be3 O-O 8.
Bb5 Qd6 9. Nge2 a6 10. e5 Qd8 11. Bd3 Nc6 12. O-O Nb4 13. Be4 N4d5 14. Nf4 Nxf4
15. Bxf4 c6 16. d5 cxd5 17. Nxd5 Be6 18. Nxb6 Qxb6 19. Qf3 Qxb2 20. Rfb1 Qd4
21. Bxb7 Rab8 22. Rd1 Qb2 23. Rdb1 Qd4 24. Rd1 Qb2 25. Rdb1 Qd4 1/2-1/2

[Event "Vaujany"]
[Site "?"]
[Date "2012.07.14"]
[Round "3.9"]
[White "Frick, Christoph"]
[Black "Kukov, Velislav"]
[Result "0-1"]
[WhiteElo "2258"]
[BlackElo "2404"]
[PlyCount "100"]
[EventDate "2012.07.20"]
[SourceDate "2012.07.12"]

1. e4 c6 2. Nc3 d5 3. Nf3 Bg4 4. h3 Bxf3 5. Qxf3 e6 6. Be2 Nf6 7. O-O d4 8. Nd1
Nbd7 9. d3 Bd6 10. g3 Qa5 11. Qg2 e5 12. c3 dxc3 13. bxc3 Nc5 14. Ne3 Qxc3 15.
Nc4 Qxa1 16. Nxd6+ Kd7 17. Nxf7 Qxa2 18. Nxe5+ Kc7 19. f4 Rhd8 20. Be3 Nb3 21.
Nf3 Qc2 22. Rd1 a5 23. g4 a4 24. g5 Nd7 25. f5 b6 26. Nd4 Qb2 27. Ne6+ Kb7 28.
d4 a3 29. Nxd8+ Rxd8 30. f6 gxf6 31. gxf6 Nxf6 32. Kh1 Ka8 33. Qf3 Nxe4 34.
Qxe4 Qxe2 35. Qxc6+ Ka7 36. Rg1 Qxe3 37. Rg7+ Ka6 38. Qc4+ b5 39. Qc6+ Ka5 40.
Qc7+ Kb4 41. Qxd8 Qxh3+ 42. Kg1 a2 43. Qd6+ Ka4 44. Ra7+ Na5 45. Rxa5+ Kxa5 46.
Qc7+ Ka4 47. Qa7+ Kb3 48. Qf7+ Kb2 49. Qf2+ Ka3 50. Qf8+ b4 0-1

[Event "Vaujany"]
[Site "?"]
[Date "2012.07.14"]
[Round "3.10"]
[White "Philippe, Christophe"]
[Black "Gelas, Christophe"]
[Result "0-1"]
[WhiteElo "2403"]
[BlackElo "2148"]
[PlyCount "72"]
[EventDate "2012.07.20"]
[SourceDate "2012.07.12"]

1. d4 d5 2. Nf3 Nf6 3. e3 c6 4. c4 Bf5 5. Nc3 e6 6. Qb3 Qc7 7. Bd2 Nbd7 8. Rc1
Qb6 9. Nh4 Be4 10. f3 Bg6 11. Nxg6 hxg6 12. c5 Qxb3 13. axb3 b6 14. b4 b5 15.
Bd3 O-O-O 16. O-O Be7 17. Ra1 Kb7 18. Ra3 a6 19. Rfa1 Nb8 20. Be1 Nfd7 21. Bg3
Rde8 22. e4 Bh4 23. Bd6 Be7 24. Ne2 Bxd6 25. cxd6 e5 26. exd5 cxd5 27. Nc3 Nb6
28. b3 exd4 29. Nxb5 Re3 30. Rc1 Rc8 31. Rc7+ Rxc7 32. dxc7 Nc6 33. Nd6+ Kxc7
34. b5 Kxd6 35. Rxa6 Nb4 36. Rxb6+ Kc7 0-1

[Event "Vaujany"]
[Site "?"]
[Date "2012.07.14"]
[Round "3.11"]
[White "Kormos, Adam"]
[Black "Roos, Daniel"]
[Result "1/2-1/2"]
[WhiteElo "2193"]
[BlackElo "2383"]
[PlyCount "106"]
[SourceDate "2012.07.12"]

1. e4 c6 2. d4 d5 3. Nc3 dxe4 4. Nxe4 Nf6 5. Nxf6+ gxf6 6. c3 Bf5 7. Nf3 Nd7 8.
Qb3 Qc7 9. a4 Bg7 10. g3 O-O 11. Bg2 Bd3 12. Qd1 Bg6 13. h4 h5 14. O-O e5 15.
Be3 Nb6 16. Re1 Nd5 17. Bd2 Rad8 18. a5 Rfe8 19. Qc1 e4 20. Nh2 f5 21. Nf1 c5
22. c4 Nb4 23. d5 Nd3 24. Qc2 Bxb2 25. Bc3 Bxc3 26. Qxc3 Nxe1 27. Rxe1 Rd6 28.
Ne3 Ra6 29. Rb1 Re7 30. Rb5 b6 31. Qf6 Qe5 32. Qc6 Rc7 33. Qa8+ Kg7 34. axb6
Rxb6 35. Rxb6 axb6 36. Qb8 Qd6 37. Bh3 Rd7 38. Qc8 Qc7 39. Qe8 Re7 40. Qb5 Re5
41. Qa6 Qb8 42. Qa1 Kf6 43. Kg2 Ke7 44. Qa6 Kf8 45. Qa1 Qd6 46. Kg1 Qf6 47. Ng2
Re6 48. Qc1 Re8 49. Qh6+ Ke7 50. Qf4 Qd6 51. Qg5+ Qf6 52. Qf4 Qd6 53. Qg5+ Qf6
1/2-1/2

[Event "Vaujany"]
[Site "?"]
[Date "2012.07.13"]
[Round "3.12"]
[White "Houard, Sebastian"]
[Black "Di Nicolantonio, Lucas"]
[Result "1/2-1/2"]
[WhiteElo "2089"]
[BlackElo "2321"]
[PlyCount "43"]
[EventDate "2012.07.20"]
[SourceDate "2012.07.12"]

1. e4 c5 2. Nf3 e6 3. d4 cxd4 4. Nxd4 Nf6 5. Nc3 Nc6 6. Nxc6 bxc6 7. Bd3 d5 8.
O-O Be7 9. Qe2 O-O 10. Kh1 c5 11. b3 Bb7 12. f3 Qc7 13. Bb2 Rfe8 14. Rae1 Rac8
15. Bb5 Bc6 16. Bxc6 Qxc6 17. Qb5 Qc7 18. Qa4 Qb7 19. Qb5 Qc7 20. Qa4 Qb7 21.
Qb5 Qc7 22. Qa4 1/2-1/2

[Event "Vaujany"]
[Site "?"]
[Date "2012.07.14"]
[Round "3.13"]
[White "Chauvet, Vincent"]
[Black "Riff, Jean-Noel"]
[Result "0-1"]
[WhiteElo "2118"]
[BlackElo "2500"]
[PlyCount "58"]
[SourceDate "2012.07.12"]

1. d4 Nf6 2. c4 e6 3. Nc3 Bb4 4. Qc2 O-O 5. a3 Bxc3+ 6. Qxc3 d6 7. Bg5 Nbd7 8.
e3 b6 9. Bd3 c5 10. Ne2 Qc7 11. O-O Ba6 12. Rac1 Rac8 13. b3 cxd4 14. Qxd4 $6 (
14. exd4 {coup plus logique pour garder la structure de pions saine}) 14... Qc5
$5 15. Qh4 h6 16. Bxf6 Nxf6 17. Nd4 Qe5 (17... Qxa3 $4 18. Ra1) 18. Nf3 Qa5 19.
Nd4 $2 {Diagramme #} d5 $1 20. Be2 dxc4 21. bxc4 Bb7 22. Nb5 Rfd8 23. Rcd1 Rxd1
24. Rxd1 a6 (24... Bc6 $1) 25. Nd6 Rd8 26. Kf1 (26. Rd4 $5 Qe1+ 27. Bf1 e5 28.
Nxb7 (28. Rd3 Rd7 $19) 28... exd4 29. Nxd8 dxe3) 26... Bc6 27. e4 {Diagramme #}
Qc5 $1 28. Qf4 (28. Qg3 Nxe4 29. Nxe4 Rxd1+ 30. Bxd1 Qxc4+ 31. Kg1 Qxe4 $19)
28... e5 29. Qd2 Ne8 0-1

[Event "Vaujany"]
[Site "?"]
[Date "2012.07.14"]
[Round "3.14"]
[White "Kurayan, Ruslan"]
[Black "Gonella, Daniele"]
[Result "1-0"]
[WhiteElo "2318"]
[BlackElo "2121"]
[PlyCount "101"]
[EventDate "2012.07.20"]
[SourceDate "2012.07.12"]

1. e4 c5 2. Nf3 Nc6 3. d4 cxd4 4. Nxd4 Nf6 5. Nc3 e5 6. Ndb5 d6 7. Bg5 a6 8.
Na3 b5 9. Nd5 Be7 10. Bxf6 Bxf6 11. c4 b4 12. Nc2 a5 13. h4 Rb8 14. g3 b3 15.
Na3 Nd4 16. Bd3 Bd7 17. Nb5 Bxb5 18. cxb5 bxa2 19. Rxa2 O-O 20. b6 Nc6 21. Bc4
Nb4 22. Rxa5 Nxd5 23. Qxd5 Qxb6 24. b3 Qb4+ 25. Kf1 Qb7 26. Kg2 Qxd5 27. Bxd5
Bd8 28. Ra7 Bb6 29. Rd7 Rbd8 30. Rb7 Bd4 31. Rc1 h6 32. Rcc7 Kh8 33. h5 Rc8 34.
Rxf7 Rxf7 35. Rxf7 Rb8 36. Kh3 Kh7 37. Kg4 Bc5 38. f3 Bf2 39. b4 Be1 40. b5 Bf2
41. Kf5 Bxg3 42. b6 Bf2 43. b7 Ba7 44. Rc7 Rf8+ 45. Ke6 Rxf3 46. Rc8 g5 47. Ra8
Ra3 48. Rxa7 Rxa7 49. b8=Q Rg7 50. Kf6 g4 51. Bf7 1-0

[Event "Vaujany"]
[Site "?"]
[Date "2012.07.14"]
[Round "3.15"]
[White "Soyer, Jean-Yves"]
[Black "Csonka, Balazs"]
[Result "0-1"]
[WhiteElo "2056"]
[BlackElo "2306"]
[PlyCount "58"]
[SourceDate "2012.07.12"]

1. Nf3 Nf6 2. c4 g6 3. Nc3 Bg7 4. e4 d6 5. d4 O-O 6. h3 e5 7. d5 a5 8. Bg5 Na6
9. Nd2 Nc5 10. g4 Bd7 11. Qc2 Qe8 12. Rg1 Kh8 13. Be3 b6 14. O-O-O Ng8 15. Be2
f5 16. exf5 gxf5 17. f3 Ne7 18. Rde1 Ng6 19. Bf1 Qf7 20. Kb1 Rae8 21. b3 e4 22.
gxf5 Qxf5 23. fxe4 Qe5 24. Rc1 Nh4 25. Be2 Nf5 26. Bxc5 bxc5 27. exf5 Qxc3 28.
Qxc3 Bxc3 29. Bd3 Bxd2 0-1

[Event "Vaujany"]
[Site "?"]
[Date "2012.07.14"]
[Round "3.16"]
[White "Meng, Roger"]
[Black "Neuhauser, Salome"]
[Result "1-0"]
[WhiteElo "2272"]
[BlackElo "2067"]
[PlyCount "73"]
[EventDate "2012.07.20"]
[SourceDate "2012.07.12"]

1. e4 c5 2. Nc3 a6 3. f4 b5 4. Nf3 Bb7 5. Qe2 e6 6. g4 Nc6 7. Bg2 Nd4 8. Nxd4
cxd4 9. Nd1 Qh4+ 10. Nf2 Nf6 11. O-O h5 12. g5 Ng4 13. Nh3 f6 14. d3 Rc8 15. c3
Bc5 16. Kh1 fxg5 17. f5 Ne5 18. Bxg5 Qg4 19. Qd2 Nf7 20. Rf4 exf5 21. Rxg4 hxg4
22. Ng1 Nxg5 23. Qxg5 Rc6 24. exf5 Rch6 25. Re1+ Kf7 26. h3 Bxg2+ 27. Kxg2
gxh3+ 28. Kh1 Bd6 29. Nf3 dxc3 30. Ne5+ Bxe5 31. Rxe5 Rf6 32. Re7+ Kxe7 33.
Qxg7+ Rf7 34. Qe5+ Kf8 35. Qxh8+ Ke7 36. Qe5+ Kf8 37. bxc3 1-0

[Event "Vaujany Principal"]
[Site "?"]
[Date "2012.07.14"]
[Round "3.17"]
[White "Vledouts, Sacha"]
[Black "Deleva, Michael"]
[Result "1-0"]
[WhiteElo "2035"]
[BlackElo "2255"]
[PlyCount "75"]
[EventDate "2012.07.20"]
[SourceDate "2012.07.12"]

1. c4 c6 2. e4 d5 3. exd5 cxd5 4. d4 Nf6 5. Nc3 Be6 6. Bg5 Nc6 7. Bxf6 exf6 8.
c5 g6 9. Bb5 Bg7 10. Nge2 O-O 11. Bxc6 bxc6 12. b4 Bg4 13. O-O Bxe2 14. Qxe2 f5
15. Qd3 Qh4 16. Rad1 Rab8 17. b5 cxb5 18. Nxd5 Rfe8 19. c6 Rbd8 20. g3 Qe4 21.
Qxe4 Rxe4 22. Nc7 Re7 23. Nxb5 a6 24. d5 axb5 25. d6 Ra7 26. c7 Rda8 27. Rc1
Be5 28. c8=Q+ Rxc8 29. Rxc8+ Kg7 30. Rd1 Rd7 31. Rc7 Rxd6 32. Rxd6 Bxd6 33. Rd7
Bf8 34. Kf1 Kf6 35. Ke2 Ke6 36. Ra7 b4 37. Ke3 h5 38. Kd3 {...} 1-0

[Event "Vaujany Principal"]
[Site "Vaujany"]
[Date "2012.07.14"]
[Round "3.18"]
[White "Roeberg, Frank"]
[Black "Bach, Anatole"]
[Result "1-0"]
[WhiteElo "2253"]
[BlackElo "2052"]
[Annotator "Jean-pierre,LEES"]
[PlyCount "93"]
[SourceDate "2012.07.12"]
[TimeControl "240+2"]

{1024MB, Fritz8.ctg
} 1. e4 c5 2. Nf3 e6 3. Nc3 Nc6 4. d4 cxd4 5. Nxd4 a6 6. g3
d6 7. Bg2 Bd7 8. O-O Nf6 9. a4 Be7 10. Be3 Qc7 11. Nb3 Na5 12. Nxa5 Qxa5 13. h3
Bc6 14. Qd2 Qc7 15. a5 Nd7 16. f4 O-O 17. Na4 Rae8 18. Nb6 f5 19. exf5 Rxf5 20.
c4 Bxg2 21. Qxg2 Nxb6 22. axb6 Qd7 (22... Qxc4 23. Qxb7) 23. b4 Rc8 24. g4 Rff8
25. b5 axb5 26. cxb5 d5 27. Ra7 Bc5 28. Qf3 Qxb5 29. Rxb7 Qc6 30. Bxc5 Qxb7 31.
Qe3 Rfe8 32. Ra1 Qc6 33. Bd4 Re7 34. Qe5 Rb7 35. Ra7 Re8 36. Kf2 Kf8 37. Kg3
Rxa7 38. bxa7 Qb7 39. g5 Qb3+ 40. Kg4 Qb7 41. h4 Ra8 42. h5 Rxa7 43. h6 Ra8 44.
g6 Qb1 45. Bc5+ Ke8 46. Qxe6+ Kd8 47. Bb6+ 1-0

[Event "Vaujany Principal"]
[Site "Vaujany"]
[Date "2012.07.14"]
[Round "3.19"]
[White "Dubois, Herve"]
[Black "Valles, Manuel"]
[Result "0-1"]
[WhiteElo "1854"]
[BlackElo "2248"]
[Annotator "Jean-pierre,LEES"]
[PlyCount "58"]
[SourceDate "2012.07.12"]
[TimeControl "240+2"]

{1024MB, Fritz8.ctg
} 1. c4 g6 2. Nf3 Bg7 3. g3 c5 4. Bg2 Nc6 5. Nc3 e5 6. d3
d6 7. Bd2 Nge7 8. Qc1 O-O 9. Bh6 Be6 10. Bxg7 Kxg7 11. h4 h6 12. h5 g5 13. Nxg5
hxg5 14. Qxg5+ Kh7 15. Ne4 Ng8 16. Qd2 f6 17. O-O-O Nh6 18. f4 Qe7 19. fxe5
dxe5 20. Rdf1 Rad8 21. Rh4 Nd4 22. Kb1 b6 23. b3 Ndf5 24. Rhh1 Rc8 25. Rf3 Ng4
26. Bh3 Nfh6 27. Kb2 f5 28. Nf2 e4 29. Rf4 e3 0-1

[Event "Vaujany Principal"]
[Site "Vaujany"]
[Date "2012.07.14"]
[Round "3.20"]
[White "Skinke, Katrina"]
[Black "Veys, Vincent"]
[Result "1-0"]
[WhiteElo "2238"]
[BlackElo "2041"]
[Annotator "Jean-pierre,LEES"]
[PlyCount "55"]
[SourceDate "2012.07.12"]
[TimeControl "240+2"]

{1024MB, Fritz8.ctg
} 1. e4 e5 2. Nf3 Nc6 3. d4 exd4 4. Nxd4 Bb4+ 5. c3 Bc5 6.
Be3 Bb6 7. Bc4 Nge7 8. Qh5 O-O 9. Nf3 Bxe3 10. fxe3 h6 11. O-O d6 12. Nbd2 Be6
13. Bxe6 fxe6 14. Qg4 e5 15. Nh4 Qc8 16. Rxf8+ Qxf8 17. Rf1 Qc8 18. Nf5 Nxf5
19. exf5 Qd7 20. Qg3 Kh8 21. f6 Qf7 22. Qh4 Rg8 23. Rf3 Qg6 24. Ne4 d5 25. Ng3
Kh7 26. Nh5 e4 27. Rg3 Qf7 28. fxg7 1-0

[Event "Vaujany"]
[Site "?"]
[Date "2012.07.14"]
[Round "3.21"]
[White "Delorme, Laurie"]
[Black "Hourlier, Claire"]
[Result "1-0"]
[WhiteElo "2171"]
[BlackElo "1964"]
[PlyCount "45"]
[SourceDate "2012.07.12"]

1. d4 Nf6 2. c4 c5 3. d5 e5 4. Nc3 d6 5. e4 Be7 6. Be2 Nbd7 7. Nf3 Nf8 8. h3
Ng6 9. g3 O-O 10. h4 Ne8 11. h5 Nh8 12. Nh4 Bg5 13. Bg4 g6 $6 14. hxg6 (14.
Bxc8 Rxc8 15. Nf3 Bxc1 16. Qxc1) 14... fxg6 15. Be6+ $6 (15. Bxc8 $142 Rxc8 16.
Bxg5 Qxg5 17. Qe2 $14) 15... Bxe6 16. dxe6 Qf6 {Diagramme #} 17. Nf5 $5 Bxc1 (
17... gxf5 $1 18. Qh5 h6 19. f4 Bxf4 20. gxf4 Qxe6 21. fxe5 f4 $132) 18. Nd5
Qxe6 {Diagramme #} 19. Nde7+ Kf7 20. Rxh7+ Ng7 (20... Kf6 21. Qxc1) 21. Rxg7+
Ke8 22. Nxd6+ Kd8 23. Nb5+ 1-0

[Event "Vaujany Principal"]
[Site "Vaujany"]
[Date "2012.07.14"]
[Round "3.22"]
[White "Hodot, Yves"]
[Black "Viennot, Dylan"]
[Result "0-1"]
[WhiteElo "1915"]
[BlackElo "2149"]
[Annotator "Jean-pierre,LEES"]
[PlyCount "84"]
[SourceDate "2012.07.12"]
[TimeControl "240+2"]

{1024MB, Fritz8.ctg
} 1. e4 e6 2. d4 d5 3. Nc3 Nf6 4. Bg5 Be7 5. e5 Nfd7 6. h4
h6 7. Be3 c5 8. Qg4 g6 9. Bd3 Nc6 10. O-O-O cxd4 11. Bxd4 Ndxe5 12. Bxe5 Nxe5
13. Bb5+ Bd7 14. Qg3 Bd6 15. f4 Nc6 16. Nge2 a6 17. Bxc6 bxc6 18. Qe3 Qe7 19.
Na4 Rb8 20. h5 g5 21. fxg5 Qxg5 22. Qxg5 hxg5 23. c4 Rb4 24. b3 Ke7 25. c5 Be5
26. Nb2 Rh4 27. Nd3 Bc7 28. Rxh4 gxh4 29. Nef4 e5 30. Re1 Kf6 31. Ne2 Rxh5 32.
Nb4 a5 33. Na6 Bd8 34. Nb8 Be8 35. Nd4 Bc7 36. Ndxc6 Rg5 37. Re2 Rg4 38. a3 Ke6
39. Kc2 d4 40. Nxe5 Bxe5 41. c6 Rg3 42. Nd7 d3+ 0-1

[Event "Vaujany"]
[Site "?"]
[Date "2012.07.14"]
[Round "3.23"]
[White "Adam, Gyorgy jr."]
[Black "Weisz, Jacques"]
[Result "1-0"]
[WhiteElo "2140"]
[BlackElo "1809"]
[PlyCount "57"]
[SourceDate "2012.07.12"]

1. e4 e6 2. d4 d5 3. Nd2 Nf6 4. e5 Nfd7 5. f4 c5 6. c3 Nc6 7. Nb3 Qb6 8. dxc5
Bxc5 9. Nxc5 Qxc5 10. Nf3 Nb6 11. Bd3 Bd7 12. Qe2 d4 13. c4 Nb4 14. b3 Bc6 15.
Bb2 Rd8 16. O-O a5 17. Kh1 Bxf3 18. Rxf3 Nc6 19. Rd1 a4 20. Be4 O-O {
Diagramme #} 21. Rg3 (21. Rh3) 21... f5 22. exf6 Rxf6 23. Rg5 Qe7 24. Bxc6 bxc6
25. Rxd4 Rdf8 26. Re4 Rg6 {Diagramme #} 27. Rxg6 hxg6 28. Rxe6 Qd7 29. Re7 1-0

[Event "Vaujany"]
[Site "?"]
[Date "2012.07.14"]
[Round "3.24"]
[White "Stets, Dmitry"]
[Black "Roche, Yves"]
[Result "0-1"]
[WhiteElo "2426"]
[BlackElo "1956"]
[PlyCount "90"]
[SourceDate "2012.07.12"]

1. e4 c5 2. Nf3 Nc6 3. Nc3 g6 4. d4 cxd4 5. Nxd4 Bg7 6. Be3 d6 7. Bc4 Nf6 8. f3
O-O 9. Bb3 Bd7 10. h4 h5 11. Qd2 Rc8 12. O-O-O Na5 13. Bh6 Nxb3+ 14. cxb3 b5
15. Bxg7 Kxg7 16. Kb1 Rc5 17. b4 Rc4 18. b3 Rc8 19. Rhe1 a6 20. Rc1 e5 21. Nc2
Be6 22. Ne3 Qb6 23. Red1 Rfd8 24. Kb2 Qb7 25. Qe2 Rd7 26. g3 Rdc7 27. Qe1 Rc6
28. Rd3 Qb6 29. Qd2 Qc7 30. Ne2 Qb6 31. Rxc6 Rxc6 32. Nc3 Qc7 33. f4 Bg4 34.
Ned5 Qd8 35. Qf2 Nxd5 36. Nxd5 Be6 37. Ne3 exf4 38. gxf4 Qf6+ 39. Kb1 Kg8 40.
f5 Bc8 41. Nd5 Qe5 42. fxg6 fxg6 43. Qa7 Kf8 44. Re3 Bf5 45. exf5 Qxf5+ 0-1

[Event "Vaujany Principal"]
[Site "Vaujany"]
[Date "2012.07.14"]
[Round "3.25"]
[White "Gombos, Bettina"]
[Black "Ruecker, Benjamin"]
[Result "1/2-1/2"]
[WhiteElo "1966"]
[BlackElo "2260"]
[Annotator "Jean-pierre,LEES"]
[PlyCount "68"]
[SourceDate "2012.07.12"]
[TimeControl "240+2"]

{1024MB, Fritz8.ctg
} 1. e4 c6 2. d4 d5 3. Nc3 dxe4 4. Nxe4 Nd7 5. Ng5 Ngf6 6.
Bd3 (6. Bc4 e6 7. Qe2 Nb6 8. Bd3) 6... e6 7. N1f3 Bd6 8. Qe2 h6 9. Ne4 Nxe4 10.
Qxe4 Qc7 11. O-O (11. Qg4 Kf8 12. O-O c5) 11... b6 12. Qg4 Kf8 (12... g5) 13.
Re1 Bb7 (13... c5) 14. Bd2 Nf6 15. Qh3 c5 16. dxc5 bxc5 17. Bc3 Nd5 18. Be5
Bxe5 19. Nxe5 Nf4 20. Qg3 g5 21. Bf1 Rd8 22. Qc3 Ke7 23. Rad1 Rhg8 24. Ng4 Nd5
25. Rxd5 Rxd5 26. Qf6+ Ke8 27. Nxh6 Rf8 28. Nxf7 Rxf7 29. Bb5+ (29. Rxe6+ Kd7
30. Qxf7+ Kc8 31. Re7 Qb6 (31... Qb8 32. Qg8+ Rd8 33. Qe6+ Rd7 34. Qxd7#) 32.
Qg8+ Rd8 33. Qxg5 $18) 29... Kf8 30. Qh8+ Ke7 31. Qe8+ Kf6 32. Qh8+ Ke7 33.
Qe8+ Kf6 34. Qh8+ Ke7 1/2-1/2

[Event "Vaujany Principal"]
[Site "Vaujany"]
[Date "2012.07.14"]
[Round "3.26"]
[White "Haver, Daan"]
[Black "Mahiouz, Oualid"]
[Result "1/2-1/2"]
[WhiteElo "1964"]
[BlackElo "2096"]
[Annotator "Jean-pierre,LEES"]
[PlyCount "97"]
[SourceDate "2012.07.12"]
[TimeControl "240+2"]

{1024MB, Fritz8.ctg
} 1. e4 c5 2. Nf3 d6 3. d4 cxd4 4. Nxd4 Nf6 5. Nc3 a6 6.
Bg5 e6 7. f4 Nc6 8. Nxc6 bxc6 9. e5 h6 10. Bh4 g5 11. fxg5 Nd5 12. Qd2 (12. Ne4
Qb6 13. Bd3 hxg5 14. Bg3) 12... Bg7 13. Nxd5 cxd5 14. exd6 Bxb2 15. Rd1 Qxd6
16. Be2 hxg5 17. Bxg5 Rxh2 18. Rxh2 Qxh2 19. Qb4 Qg3+ 20. Kf1 Ba3 21. Qh4 Qxh4
22. Bxh4 Be7 23. Bg3 Bf6 24. c4 dxc4 25. Bf3 Ra7 26. Bf2 Rb7 (26... Re7 27. Bc5
Bb2 28. Bxe7 Kxe7 29. Ke2 e5 30. Rd5 Bd4 31. Ra5 c3 32. Be4) 27. Bxb7 Bxb7 28.
Bd4 Bxd4 29. Rxd4 Bd5 30. g3 c3 {premature} (30... Ke7 31. Ke2 Kd6 32. Kd2 f5
33. Rh4) 31. Ke2 Bxa2 32. Kd3 Bd5 33. Kxc3 Bf3 34. g4 Ke7 35. g5 Be2 36. Kb4
Kf8 37. Re4 Bb5 38. Kc5 Kg7 39. Rf4 Bd3 40. Kd4 Bf5 41. Rf1 Kg6 42. Rg1 Bc2 43.
Rg2 Bb3 44. Rg3 Bd5 45. Kc5 Be4 46. Kb6 Kf5 47. Kxa6 Kf4 48. Rg1 e5 49. Kb5
1/2-1/2

[Event "Vaujany"]
[Site "?"]
[Date "2012.07.14"]
[Round "3.27"]
[White "Coppola, Federico"]
[Black "Deleva, Mathias"]
[Result "0-1"]
[WhiteElo "1844"]
[BlackElo "2061"]
[PlyCount "48"]
[SourceDate "2012.07.12"]

1. e4 e6 2. d4 d5 3. Nc3 Bb4 4. a3 Bxc3+ 5. bxc3 Ne7 6. Qg4 O-O 7. e5 c5 8. h4
Qc7 9. Bd3 cxd4 10. Nf3 Ng6 {Diagramme #} (10... Qxc3+) 11. Bxg6 fxg6 12. Qxd4
Nc6 13. Qe3 b6 14. a4 Na5 15. Nd2 Nc4 16. Nxc4 Qxc4 17. Qd3 Qg4 18. Rh2 Bb7 19.
Qd4 Qf5 20. Ba3 Rf7 21. Ra2 Rc8 22. f3 Rc4 23. Qd3 {Diagramme #} Rxa4 (23...
Qxe5+ 24. Qe2 Qxh2) 24. g4 Qxf3 0-1

[Event "Vaujany"]
[Site "?"]
[Date "2012.07.14"]
[Round "3.28"]
[White "Brest, Jean-Francois"]
[Black "N'Guyen, Emilien"]
[Result "1-0"]
[WhiteElo "2046"]
[BlackElo "2027"]
[PlyCount "55"]
[SourceDate "2012.07.12"]

1. d4 d5 2. c4 Nc6 3. Nc3 dxc4 4. d5 Ne5 5. f4 Ng6 6. e4 e6 7. Bxc4 Nf6 8. Bb5+
Bd7 9. dxe6 fxe6 10. Qb3 c6 11. Bc4 Qc8 12. f5 exf5 13. Bf7+ Ke7 14. Nf3 fxe4
15. Ng5 Ne5 16. O-O h6 {Diagramme #} 17. Bf4 hxg5 18. Bxe5 b6 19. Bg6 Be6 20.
Qc2 Bd5 21. Rae1 Kd8 22. Nxe4 Nxe4 23. Bxe4 Bc5+ 24. Kh1 Rf8 25. Rxf8+ Bxf8 26.
Bxd5 cxd5 27. Qf2 Qd7 28. Qxf8+ 1-0

[Event "Vaujany Principal"]
[Site "Vaujany"]
[Date "2012.07.14"]
[Round "3.29"]
[White "Petrone"]
[Black "Hoyer"]
[Result "1-0"]
[WhiteElo "1930"]
[BlackElo "2031"]
[Annotator "Jean-pierre,LEES"]
[PlyCount "153"]
[SourceDate "2012.07.12"]
[TimeControl "240+2"]

{1024MB, Fritz8.ctg
} 1. e4 d6 2. d4 Nf6 3. Nc3 c6 4. f4 Qa5 5. Nf3 Nxe4 6. Bd2
Nxd2 7. Qxd2 Bg4 8. Be2 Nd7 9. h3 Bxf3 10. Bxf3 g6 11. O-O-O O-O-O 12. Kb1 Kb8
13. Rhe1 e6 14. Ne4 Qc7 15. Ng5 Nb6 16. g3 d5 17. Bg2 Nc4 18. Qc3 a5 19. a3 Bg7
20. Nf3 Nd6 21. Ne5 Nb5 22. Qb3 f6 23. Nf3 Rhe8 24. Bf1 Nd6 25. Nd2 f5 (25...
Nf5 $142 26. Qc3 e5 27. dxe5 fxe5 28. fxe5 Bxe5) 26. Nf3 h6 27. h4 Ne4 28. Ne5
g5 29. Bg2 gxh4 30. gxh4 Nf2 31. Rd2 Ng4 32. h5 Nf6 33. Bf3 Ne4 34. Rg2 Bxe5
35. dxe5 Rg8 36. Bxe4 fxe4 37. Reg1 Rxg2 38. Rxg2 Qf7 39. Qb6 Rf8 40. Rg6 Qc7
41. Qc5 Re8 42. Rxh6 b6 43. Qd6 Qxd6 44. exd6 Kc8 45. Rh7 Rg8 46. Kc1 e3 47.
Kd1 d4 48. h6 Rg1+ 49. Ke2 Rg2+ 50. Kf1 Rf2+ 51. Ke1 Rxc2 52. Rc7+ Kd8 53. h7
Rh2 54. Ra7 Rh1+ 55. Ke2 Rh2+ 56. Kd3 c5 57. h8=Q+ Rxh8 58. Ra8+ Kd7 59. Rxh8
Kxd6 60. Rh5 a4 61. Rg5 Kc6 62. Re5 Kd6 63. Ke4 Kd7 64. Rh5 Kd6 65. Rh7 Kc6 66.
Kd3 Kd6 67. Ra7 c4+ 68. Ke2 b5 69. Rb7 Kc6 70. Rb8 Kc5 71. Rd8 c3 72. Rc8+ Kd5
73. bxc3 b4 74. cxb4 Ke4 75. Rc4 e5 76. fxe5 Kxe5 77. Kd3 1-0

[Event "Vaujany"]
[Site "?"]
[Date "2012.07.14"]
[Round "3.30"]
[White "Adam, Gyorgy sr."]
[Black "Drillat, Michel"]
[Result "1-0"]
[WhiteElo "2066"]
[BlackElo "1910"]
[PlyCount "91"]
[EventDate "2012.07.20"]
[SourceDate "2012.07.12"]

1. e4 d5 2. exd5 Nf6 3. d4 Nxd5 4. c4 Nb6 5. Nc3 e5 6. dxe5 Qxd1+ 7. Nxd1 Nc6
8. f4 Bb4+ 9. Bd2 O-O 10. Bxb4 Nxb4 11. Ne3 c5 12. a3 Nc6 13. Nf3 f6 14. exf6
Rxf6 15. g3 Bf5 16. Nxf5 Re8+ 17. Kf2 Rxf5 18. Bd3 Rf6 19. b3 Rd8 20. Rad1 Rfd6
21. Bc2 Nd4 22. Nxd4 Rxd4 23. Rxd4 Rxd4 24. Rd1 Rxd1 25. Bxd1 Nd7 26. Ke3 Nf6
27. Bf3 b6 28. f5 Kf7 29. Kf4 Ke7 30. Ke5 h5 31. h3 Kd7 32. Bd5 Ke7 33. Bc6 Nh7
34. Bf3 Nf6 35. Bg2 Kd7 36. Bh1 Ke7 37. Bf3 Kd7 38. g4 hxg4 39. hxg4 Nh7 40.
Kf4 Ke7 41. g5 Kd6 42. Bh5 Nf8 43. Be8 Ke7 44. Bb5 Kd6 45. g6 a6 46. Ba4 1-0

[Event "Vaujany Principal"]
[Site "Vaujany"]
[Date "2012.07.14"]
[Round "3.31"]
[White "Laehnwitz, Alex"]
[Black "Van Foreest, Lucas"]
[Result "1-0"]
[WhiteElo "2031"]
[BlackElo "1969"]
[Annotator "Jean-pierre,LEES"]
[PlyCount "49"]
[SourceDate "2012.07.12"]
[TimeControl "240+2"]

{1024MB, Fritz8.ctg
} 1. e4 e5 2. Bc4 Nc6 3. Nc3 Nf6 4. d3 Bc5 5. f4 d6 6. Nf3
a6 7. f5 h6 8. Qe2 O-O 9. Bd2 Rb8 10. O-O-O b5 11. Bb3 Nd4 12. Nxd4 Bxd4 13. g4
Bxc3 14. Bxc3 Nh7 15. h4 Qf6 16. g5 hxg5 17. hxg5 Nxg5 18. Bd2 g6 19. Rdg1 Ne6
20. Qh2 Re8 21. fxg6 Kf8 22. gxf7 Rd8 23. Rf1 Nf4 24. Bxf4 exf4 25. Rxf4 1-0

[Event "Vaujany Principal"]
[Site "Vaujany"]
[Date "2012.07.14"]
[Round "3.32"]
[White "Haver, Bas"]
[Black "Devoille, Hugo"]
[Result "1-0"]
[WhiteElo "2021"]
[BlackElo "1927"]
[Annotator "Jean-pierre,LEES"]
[PlyCount "45"]
[SourceDate "2012.07.12"]
[TimeControl "240+2"]

{1024MB, Fritz8.ctg
} 1. e4 c5 2. Nf3 e6 3. d4 cxd4 4. Nxd4 Nc6 5. Nc3 Qc7 6.
Be2 Nf6 7. O-O a6 8. Be3 Bb4 9. Na4 Be7 10. c4 Nxe4 11. c5 O-O (11... Nxc5 12.
Nxc6 dxc6 13. Bxc5 $18) 12. Rc1 Nf6 13. Nb6 Rb8 14. g3 Rd8 15. Qa4 g6 16. Bf3
Nxd4 17. Bxd4 e5 18. Rfe1 exd4 19. Rxe7 Ne8 20. Qxd4 Ng7 21. Rce1 Ne6 22. Qf6
Rf8 23. R1xe6 1-0